000 00577nam a2200181Ia 4500
008 100917s9999 xx 000 0 und d
082 _b12226
100 _aशहा रतनलाल डी.
245 _aशेवटी सांगतेची मी
260 _bवसुंधरा प्रकाशन
_c1973
300 _a96
365 _b4
520 _aकादंबरी
630 _aशेवटी सांगतेची मी
650 _aकादंबरी
730 _aशेवटी सांगतेची मी
942 _cBOOK
999 _c617620
_d617617